NLSUI OPAC header image

The revival of natural law : Philosophical, theological and ethical responses to the Finnis-Grisez school (Record no. 18896)

MARC details
000 -LEADER
fixed length control field 01716nam a2200205Ia 4500
003 - CONTROL NUMBER IDENTIFIER
control field OSt
005 - DATE AND TIME OF LATEST TRANSACTION
control field 20210911113234.0
008 - FIXED-LENGTH DATA ELEMENTS--GENERAL INFORMATION
fixed length control field 160316s2000 xxu||||| |||| 00| 0 eng d
020 ## - INTERNATIONAL STANDARD BOOK NUMBER
International Standard Book Number 9780754612629
040 ## - CATALOGING SOURCE
Transcribing agency n
082 ## - DEWEY DECIMAL CLASSIFICATION NUMBER
Classification number 340.112000
Item number BIG
100 ## - MAIN ENTRY--PERSONAL NAME
Personal name Biggar Nigel
245 ## - TITLE STATEMENT
Title The revival of natural law : Philosophical, theological and ethical responses to the Finnis-Grisez school
260 ## - PUBLICATION, DISTRIBUTION, ETC.
Place of publication, distribution, etc. England
Name of publisher, distributor, etc. Ashgate Publishing Ltd.
Date of publication, distribution, etc. 2000
300 ## - PHYSICAL DESCRIPTION
Extent 299p
Dimensions xiii
365 ## - TRADE PRICE
Price amount Rs.3,344
505 ## - FORMATTED CONTENTS NOTE
Formatted contents note Table of contents<br/>Contents: <br/>Introduction: The new natural law theory, Rufus Black; <br/>Part 1: Philosophical Issues: Natural law revived: natural law theory and contemporary moral philosophy, Timothy Chappell; <br/>Grisez and Thomism, Ralph McInerny; <br/>The basic dimensions of human flourishing: a comparison of accounts, Sabina Alkire; <br/>John Finnis on moral absolutes, Oliver O'Donovan; <br/>Part II: Theological Dimensions: Is Grisez's moral theology rationalistic;<br/>Free Choice, the human condition, and Christian ethics, GAran Bexell; <br/>Is the new natural law theory Christian?, Rufus Black; <br/>Karl Barth and Germain Grisez on the human good: an ecumenical rapprochement, Nigel Biggar; <br/>Grisez's ecclesiology, the role of moral theologians, and the scope for responsible dissent, Bernard Hoose; <br/>Part III: Moral Fields: Respect for life in Germain Grisez's moral theology, Dave Leal; <br/>Natural sex: Germain Grisez, sex and natural law, Gareth Moore, O.P.; <br/>Grisez on sex and gender: a feminist theological perspective, Lisa Sowle Cahill; <br/>The moral standing of nature and the new natural law, Michael Northcott; <br/>Conclusion, Nigel Biggar; <br/>Index.
700 ## - ADDED ENTRY--PERSONAL NAME
Personal name Black Rufus
--
942 ## - ADDED ENTRY ELEMENTS (KOHA)
Source of classification or shelving scheme Dewey Decimal Classification
Koha item type BOOKs
Holdings
Withdrawn status Lost status Damaged status Not for loan Home library Current library Shelving location Date acquired Cost, normal purchase price Total Checkouts Full call number Barcode Date last seen Date last checked out Price effective from Koha item type
        . .   30.05.2017 3344.00 1 340.112 BIG 16733 20.09.2022 17.09.2022 30.05.2017 BOOKs